000 01669nam a2200289 i 4500
001 184072
003 ES-MaACL
005 20250817210532.0
008 150304s1924 fr |||| | fre d
245 0 0 _aPatrologia orientalis.
_nTomus decimus octavus /
_c[édité par] R. Graffin et F. Nau.
260 _aParis :
_bFirmin-Didot et cie, éditeurs,
_c1924.
300 _a833 p. ;
_c28 cm.
505 8 _aContiene: Le synaxaire arménien de Ter Israël. V, Mois de Kalotz / publié et traduit par le Dr. G. Bayan. - 1924 ; Fasc. 1 Le Livre de Job / version copte bahaïrique publiée et traduite par E. Porcher. - 1924 ; Fasc. 2 Les plus anciens monuments du Christianisme écrits sur papyrus. II / textes édités, traduits et annotés par le Dr. Charles Wessely,.... - 1924 ; Fasc. 3 John of Ephesus : lives of the eastern Saints. II / syriac text edited and translated by E. W. Brooks. - 1924 ; Fasc. 4 Histoire de Yahya-ibn-Sa?ïd d'Antioche, continuateur de Sa?aïd-ibn-Bitriq / éditée et traduite en français par I. Kratchkovsky et A. Vasiliev. - 1924
650 _aPatrística.
_915895
650 0 7 _aLiteratura cristiana primitiva
_2embne
_914529
700 1 _aTer Israël.
_9156173
700 1 _aBayan, George.
_9156174
700 1 _aPorcher, E.
_9156203
700 1 _aWessely, Karl,
_d1860-1931
_9156169
700 1 _aBrooks, Ernest Walter,
_d1863-1955
_9156178
700 1 _aKratchkousky, Ignacio (
_d1883-1951)
_9156471
700 1 _aVasiliev, Aleksandr Aleksandrovitch (
_d1867-1953)
_9156181
700 1 _aGraffin, René,
_d1858-1941
_9156163
700 1 _aNau, François.
_985006
852 _aES-MaACL
_jG-707
999 _c184072
_d184072